000 00976nas a2200277 4500
001 BR8300951
003 BR-BrBNA
005 20231205085440.0
007 ta
008 230509b bl.|||p| |||| 00| 00por d
040 _aBR-BrBNA
_bpor
_cBiblioteca Nacional de Agricultura
041 _a(Pt)
072 _aF00; E15
100 1 _aFrota, A.B.
100 1 _aCunha, A. dos S.
100 1 _aFrancis, D.G.
100 1 _aMachado Filho, F.
245 1 _aDeterminantes da produtividade media da terra na cultura de arroz de varzea na regiao de Muriae, Minas Gerais [Brasil]
_bParte de tese
246 1 _a[Determinant factors of average land productiveness in lowland rice crop in Muriae, Minas Gerais [Brazil]]
_b[Part of thesis]
650 _aARROZ
650 _aPRODUTIVIDADE
650 _aMINAS GERAIS
773 0 _tRevista Ceres (Brazil)
_xISSN 0034-737X
_g(1982), v. 29(164) p. 345-351
_wBR8300951
909 _a202311
_bLúcia
_c55
_dLúcia Elande
942 _2AGRIS
_n0
_cANA
999 _c111507
_d111507